James Stirling, Michael Wilford y asociados (Record no. 148099)

MARC details
000 -LEADER
campo de control de longitud fija 00840nam a2200217 4500
001 - NÚMERO DE CONTROL
campo de control 148099
003 - IDENTIFICADOR DE NÚMERO DE CONTROL
campo de control ES-MaACL
007 - CAMPO FIJO DE DESCRIPCIÓN FÍSICA--INFORMACIÓN GENERAL
campo de control de longitud fija t|
008 - DATOS DE LONGITUD FIJA--INFORMACIÓN GENERAL
campo de control de longitud fija 070214s1985 sp r ||||1| spa d
100 1# - ENTRADA PRINCIPAL--NOMBRE DE PERSONA
Nombre de persona Stirling, James.
9 (RLIN) 108233
245 10 - MENCIÓN DEL TÍTULO
Título James Stirling, Michael Wilford y asociados
Resto del título : obras y proyectos /
Mención de responsabilidad, etc. James Stirling, Michael Wilford y asociados ; introducción por Colin Rowe ; Peter Arnell y Ted Bickford, eds. ; traducción castellana de Jaume Freixa y Santiago Castán.
260 ## - PUBLICACIÓN, DISTRIBUCIÓN, ETC.
Lugar de publicación, distribución, etc. Barcelona :
Nombre del editor, distribuidor, etc. Gustavo Gili,
Fecha de publicación, distribución, etc. 1985.
300 ## - DESCRIPCIÓN FÍSICA
Extensión 346 p., 2 h. de lám. :
Otras características físicas il. ;
Dimensiones 29 cm.
700 1# - ENTRADA AGREGADA--NOMBRE PERSONAL
Nombre de persona Wilford, Michael.
9 (RLIN) 116838
700 1# - ENTRADA AGREGADA--NOMBRE PERSONAL
Nombre de persona Rowe, Colin.
9 (RLIN) 100175
700 1# - ENTRADA AGREGADA--NOMBRE PERSONAL
Nombre de persona Arnell, Peter.
9 (RLIN) 23086
700 1# - ENTRADA AGREGADA--NOMBRE PERSONAL
Nombre de persona Bickford, Ted.
9 (RLIN) 28783
700 1# - ENTRADA AGREGADA--NOMBRE PERSONAL
Nombre de persona Freixa, Jaume.
9 (RLIN) 52473
700 1# - ENTRADA AGREGADA--NOMBRE PERSONAL
Nombre de persona Castán, Santiago.
9 (RLIN) 36387
852 ## - LOCALIZACIÓN
Ubicación ES-MaACL
Número de control de estantería L-9762
Holdings
Estatus retirado Estado de pérdida Estado de daño No para préstamo Biblioteca de origen Biblioteca actual Ubicación en estantería Fecha de adquisición Fuente de adquisición Total de préstamos Signatura topográfica completa Código de barras Visto por última vez Precio de reemplazo Tipo de ítem Koha
        Biblioteca del Ateneo de Madrid Biblioteca del Ateneo de Madrid Depósito 2 17/01/2008     L-9762 1154556 23/02/2023 23/02/2023 Libro impreso